Statistiche per Cognomi più diffusi a Bologna

Clicka qui per fare il quiz!

Statistiche generali

  • Questo quiz è stato fatto 84 volte
  • Il punteggio medio è 3 su 10

Statistiche sulle risposte

HintRisposta% Corretto
1Rossi
95%
4Ferrari
51%
8Barbieri
26%
9Russo
25%
3Fabbri
21%
10Monti
18%
2Venturi
18%
6Gamberini
16%
7Nanni
15%
5Montanari
14%

Distribuzione punteggi

Percentile per numero di risposta

Percentuale di utenti per punteggio

I tuoi punteggi nel tempo

Non hai fatto questo quiz